00410nam a2200169Ia 4500003000400000005001700004008004100021020001800062050002400080100001900104245004000123260003500163300002100198440000600219521000700225526000800232OSt20140317132549.0140130s9999 xx 000 0 und d a9780375822742 aPZ 7.7b.D93Ci 2004 aDuPrau, Jeanne aThe city of ember /cJeanne DuPrau. bScholastic,c2004.aNew York : a270 p. :c19 cm. v1 aG4 c680